00235nam a2200097Ia 4500008004100000041000800041082001300049100002000062245002900082260002600111231212s1980 xx 000 0 und d aeng a621.3817 aKulryatsev V.A. aA Brief Course of Higher aMascowbMir Pubc1980